| 000 | 01266cam a2200337 a 4500 | ||
|---|---|---|---|
| 999 |
_c35027 _d35027 |
||
| 001 | 11997388 | ||
| 003 | OSt | ||
| 005 | 20200220151510.0 | ||
| 008 | 000128s1999 ii b b 001 0 eng | ||
| 010 | _a 99947781 | ||
| 020 | _a0140290672 | ||
| 020 | _a9788126431663 | ||
| 025 | _aI-E-99-947781; 561-10 | ||
| 035 | _a(DLC) 99947781 | ||
| 037 |
_bLibrary of Congress -- New Delhi Field Office _cRs295.00 |
||
| 040 |
_aDLC _cDLC |
||
| 042 | _alcode | ||
| 043 |
_aa-bg--- _aa-ii--- |
||
| 050 | 0 | 0 |
_aDS396.8.C4 _bC45 1999 |
| 082 |
_a954.035 _bCHA/C |
||
| 100 |
_aChatterjee, Manini _d1961- _91676 |
||
| 245 | 1 | 0 |
_aChittagong viplavam 1930-34 = Do and die : _bthe Chittagong uprising, 1930-34 / _cManini Chatterjee. |
| 260 |
_aKottayam ; _bDC Books, _c2011. |
||
| 300 | _axiv, 368 p. : | ||
| 520 | _aOn the role of the young revolutionaries from Chattagram District, now in Bangladesh, in the freedom struggle of India. | ||
| 650 | 0 |
_aRevolutionaries _zBangladesh _zChattagram District. |
|
| 651 | 0 |
_aChattagram District (Bangladesh) _xPolitics and government. |
|
| 651 | 0 |
_aIndia _xPolitics and government _y1919-1947. |
|
| 906 |
_a7 _bcbc _corigode _d3 _encip _f19 _gy-gencatlg |
||
| 942 |
_2ddc _cBK _h954.035 _iCHA/C _k954.035 _mCHA/C |
||